The noble scholar, jurist, historian


 His Excellency Dr. Abdul Wahhab bin Ibrahim Abu Sulaiman, may Allah have mercy on him.


 He was born in Umm Al-Qura in the year 1356 AH.

فضل ليلة النصف من شعبان / (Record no. 14321)

MARC details
000 -LEADER
fixed length control field 01825ctm a22002891i 4500
003 - CONTROL NUMBER IDENTIFIER
control field SA-RiAUC
005 - DATE AND TIME OF LATEST TRANSACTION
control field 20260211141039.0
008 - FIXED-LENGTH DATA ELEMENTS--GENERAL INFORMATION
fixed length control field 260128s1872 xx g 000 0 ara c
040 ## - CATALOGING SOURCE
Original cataloging agency SA-JeALM
Language of cataloging ara
Transcribing agency SA-RiAUC
Description conventions rda
082 04 - DEWEY DECIMAL CLASSIFICATION NUMBER
Classification number 212.9
090 ## - LOCALLY ASSIGNED LC-TYPE CALL NUMBER (OCLC); LOCAL CALL NUMBER (RLIN)
Classification number (OCLC) (R) ; Classification number, CALL (RLIN) (NR) م ن 212.9
Local cutter number (OCLC) ; Book number/undivided call number, CALL (RLIN) ص د ي
100 1# - MAIN ENTRY--PERSONAL NAME
Personal name الصديقي، ابي الحسن،
Relator term مؤلف.
245 10 - TITLE STATEMENT
Title فضل ليلة النصف من شعبان /
Statement of responsibility, etc. ابي الحسن الصديقي.
246 30 - VARYING FORM OF TITLE
Title proper/short title النصف من شعبان
264 #0 - PRODUCTION, PUBLICATION, DISTRIBUTION, MANUFACTURE, AND COPYRIGHT NOTICE
Place of production, publication, distribution, manufacture مكة المكرمة :
Name of producer, publisher, distributor, manufacturer مطبعة الترقى الماجدية العثمانية
Date of production, publication, distribution, manufacture, or copyright notice [1913]
300 ## - PHYSICAL DESCRIPTION
Extent 61 صفحة؛
Dimensions 29 سم.
336 ## - CONTENT TYPE
Content type term نص
Content type code txt
Source rdacontent
Materials specified مخطوطة
337 ## - MEDIA TYPE
Media type term بدون وسيط
Media type code n
Source rdamedia
338 ## - CARRIER TYPE
Carrier type term مجلد
Carrier type code nc
Source rdacarrier
500 ## - GENERAL NOTE
General note أوله : الحمد لله الذي شرف شعبان بليلة نصفه الفاضلة وقدر فيها الأرزاق والآجال الزايلة فهي الليلة المباركة على قول بعض العلماء ذوي النفوس الكاملة.
500 ## - GENERAL NOTE
General note آخره : على يد كاتبها العبيد الفاني عبد الرحمن بن إبراهيم بن حسين حنور المالكي غفر الله له ولوالديه ولمشايخه وللمسلمين أجمعين بمنه وكرمه إنه جواد كريم رؤوف رحيم وكان الفراغ من كتابة هذه النسخة 28 خلت من شهر صفر الخير تاريخا سنة 1289 هجري.
500 ## - GENERAL NOTE
General note رسالة في فضل ليلة النصف من شعبان المبارك.
500 ## - GENERAL NOTE
General note نسخ: عبد الرحمن بن إبراهيم بن حسين المالكي.
650 #7 - SUBJECT ADDED ENTRY--TOPICAL TERM
Topical term or geographic name entry element الأيام (إسلام)
General subdivision فضائل
Form subdivision مخطوطات
Source of heading or term aucsh
942 ## - ADDED ENTRY ELEMENTS (KOHA)
Source of classification or shelving scheme Dewey Decimal Classification
Koha item type كتاب مصور نادر
Suppress in OPAC No
949 ## - LOCAL PROCESSING INFORMATION (OCLC)
a SA-JeALM
d 260128
u mohamedma123
n 1
Holdings
Withdrawn status Lost status Source of classification or shelving scheme Damaged status Not for loan Home library Current library Date acquired Total checkouts Full call number Barcode Date last seen Price effective from Koha item type
    Dewey Decimal Classification     DR AbdElwahab Library DR AbdElwahab Library 02/11/2026   م ن 212.9 ص د ي 000022732 02/11/2026 02/11/2026 Books